Loading...
| RR | 2 | 6 | 0 | 1 | 90 | 28 | 97.13 | 2 | 8 | 0.00 | 0.00 |
| AG | 1 | 5 | 0 | 0 | 65 | 71 | 106.33 | 3 | 6 | 0.00 | 0.00 |
| RC | 0 | 5 | 1 | 2 | 45 | 99 | 121.80 | 0 | 5 | 0.00 | 0.00 |
| MB | 1 | 5 | 5 | 0 | 40 | 72 | 93.33 | 3 | 6 | 0.00 | 0.00 |
| DM | 1 | 1 | 0 | 0 | 25 | 60 | 85.50 | 1 | 2 | 0.00 | 0.00 |
| TR | 0 | 2 | 0 | 0 | 20 | 124 | 127.50 | 0 | 2 | 0.00 | 0.00 |
| AW | 0 | 2 | 0 | 0 | 20 | 114 | 115.00 | 1 | 2 | 0.00 | 0.00 |
| BB | 0 | 3 | 2 | 1 | 20 | 113 | 121.00 | 0 | 3 | 0.00 | 0.00 |
| AWD | 0 | 1 | 0 | 0 | 10 | 85 | 85.00 | 0 | 1 | 0.00 | 0.00 |
| AR | 0 | 1 | 0 | 0 | 10 | 118 | 118.00 | 0 | 1 | 0.00 | 0.00 |
| AK | 0 | 1 | 0 | 1 | 10 | 144 | 144.00 | 0 | 1 | 0.00 | 0.00 |
| MV | 0 | 0 | 0 | 0 | 0 | 0.00 | 0 | 0 | 0.00 | 0.00 |
| RR | open | 15 | 28 |
| DM | hot | 15 | 60 |
| MB | Titus Maccius Plautus | -5 | 68 |
| AG | golden hair | 15 | 71 |
| MB | Avicenna | 15 | 72 |
| RR | Lake Malawi | 15 | 73 |
| MB | abortion ban | 10 | 79 |
| AWD | men | 10 | 85 |
| MB | the Moon | 10 | 86 |
| MB | cats | 10 | 89 |